000 01031nam a22003137a 4500
001 0127
003 DO-SdBNP
005 20240705113152.0
007 0127
008 151005b2008 sp 00| 0 spa d
020 _a9788498381955
040 _aBPMSU
_bspa
_cBPMSU
082 4 _a823.91
_bR884c 2008
_222
100 1 _aRowling, J. K.,
_d1965-
245 1 4 _aLos cuentos de Beedle el Bardo /
_cJ. K. Rowling ; traducción Gemma Rovira Ortega
260 _aBarcelona :
_bSalamandra,
_c2008.
300 _a118 p. :
_bil. ;
_c21 cm.
500 _aCon notas adicionales del profesor Albus Dumbledore.
521 1 _aA partir de los 12 años
534 _pTítulo original :
_tThe tales of Beedle the Bard.
_a
590 _aInventariado, 2024/VM
650 4 _aCuentos juveniles ingleses.
650 4 _aCuentos fantásticos.
650 4 _aMagia
_vCuentos juveniles.
650 4 _aMonstruos
_vCuentos juveniles.
700 1 _aRovira Ortega, Gemma,
_etraductora
910 _aVMateo V. Control de calidad. BPMSU
942 _2ddc
_cBK
999 _c8750
_d8750